| 000 | 00522nam a2200181Ia 4500 | ||
|---|---|---|---|
| 003 | GCL | ||
| 005 | 20240530103256.0 | ||
| 008 | 140319s9999 xx 000 0 ara d | ||
| 040 |
_aGCL / _cGCL |
||
| 082 | 0 | 4 |
_a811.9 _bع ف |
| 100 | 0 | _aعبدالرحمن الابنودى | |
| 245 | 1 | 0 |
_aالفصول / _cعبدالرحمن الابنودى |
| 300 | _a83 ص | ||
| 650 | 0 | 4 | _aالشعر العربى |
| 650 | 0 | 4 | _aالادب المصرى |
| 650 | 0 | 4 | _aالشعر العربى - العصر الحديث |
| 942 |
_2ddc _cBK |
||
| 999 |
_c38071 _d38071 |
||